• 首页
  • 本馆介绍
  • 公告通知
  • 最新文献
  • 馆藏检索
  • 电子资源
  • 读者导购
  • 参考咨询
  • 我的图书馆
  • 登录
  • 详细信息显示
  • 放入我的书架
  • 预约/预借图书
  • 作者相关作品
  • 分类相关作品
  • 丛书相关作品
  • 出版社相关作品

书目信息

  • 表格格式
  • 工作单格式
  • 卡片格式
题名:
关于林业经济政策若干问题
    
 
作者: 林燕石 编
分册:  
出版信息: 北京   中国林业出版社  1982
页数: 100页
开本: 19cm
丛书名: 农村经济政策丛书
单 册:
中图分类: F326.2
科图分类:
主题词: 林业政策--中国
电子资源:
ISBN:
000 00696nam2 2200253 45
001 0182008850
005 20060802104605.70
010    @dCNY0.37
091    @aCN@b4046.1009
100    @a19950703d1982 em y0chiy0121 ea
101 0  @achi
102    @aCN@b110000
105    @ay z 000yy
200 10 @a关于林业经济政策若干问题@Aguan yu lin ye jing ji zheng ce ruo gan wen ti@f林燕石编
210    @a北京@c中国林业出版社@d1982
215    @a100页@d19cm
225 2  @a农村经济政策丛书
410  0 @120010@a农村经济政策丛书
606    @a林业政策@y中国
690    @aF326.2@v3
701  0 @a林燕石@Alin yan shi@4编
801  2 @aCN@bNLC@c20060802
801  0 @aCN@bTSSF
905    @a10447@dF326.2@e51
    
    关于林业经济政策若干问题/林燕石编.-北京:中国林业出版社,1982
    100页;19cm.-(农村经济政策丛书)
    
    
    ISBN :CNY0.37
    
●
相关链接 在E读中查询图书 在五车中查询图书 在当当中查询图书 在豆瓣中查询图书


正题名:关于林业经济政策若干问题     索取号:F326.2/51         预约/预借

序号 登录号 条形码 馆藏地/架位号 状态 备注
1 0441763   204417639   密集书库/ [索取号:F326.2/51] 在馆    
唐山师范学院图书馆 欢迎您!
大连网信软件有限公司© 版权所有